| 000 | 01431 a2200253 4500 | ||
|---|---|---|---|
| 001 | 3776 | ||
| 005 | 20260407155430.0 | ||
| 008 | 260407a2000 arg spa d | ||
| 003 | AR-UNSa-BCEJYS | ||
| 040 |
_aAR-UNSa-BCEJYS _bspa _cAR-UNSa-BCEJYS |
||
| 080 |
_a330.101.541 _xMacroeconomía |
||
| 245 | 1 | 0 | _aMacroeconomía |
| 020 | _a978-84-85855-98-8 | ||
| 250 | _a4a. ed. | ||
| 264 | 1 |
_aBarcelona : _bAntoni Bosch _c2000 |
|
| 300 |
_axxxviii, 703 p. _c24 cm. |
||
| 505 | _a1. La ciencia de la macroeconomía - 2. Los datos macroeconómicos - 3. La renta nacional: de dónde viene y adónde va - 4. El crecimiento económico I - 5. El crecimiento económico II - 6. El paro - 7. El dinero y la inflación - 8. La economía abierta - 9. Introducción a las fluctuaciones económicas - 10. La demanda agregada I - 11. La demanda agregada II - 12. La demanda agregada en la economía abierta - 13. La oferta agregada - 14. La política de estabilización - 15. La deuda y los déficit presupuestarios públicos - 16. El consumo - 17. La inversión - 18. La oferta y la demanda de dinero - 19. Tendencias de la teoría de las fluctuaciones económicas | ||
| 942 | _cBK | ||
| 590 | _aniveau_biblio:m niveau_hierar:0 | ||
| 100 | 1 | _aMankiw, N. Gregory | |
| 700 | 1 | _aRabasco, María Esther | |
| 700 | 1 | _aToharia Cortés, Luis | |
| 856 | 4 | 1 |
_uhttps://www.biblioeco.unsa.edu.ar/pmb/images/libros/L128211.jpg _yImagen de portada _qimage/jpeg |
| 999 |
_c361 _d361 |
||